Davies and another v Hyder plc (formerly Welsh Water) (Record no. 72480)
[ view plain ]
| 000 -LEADER | |
|---|---|
| fixed length control field | 01124cam a2200205 4500 |
| 008 - FIXED-LENGTH DATA ELEMENTS--GENERAL INFORMATION | |
| fixed length control field | 030410n2003 000 0 eng u |
| 035 ## - SYSTEM CONTROL NUMBER | |
| System control number | (Sirsi) u121954 |
| 245 ## - TITLE STATEMENT | |
| Title | Davies and another v Hyder plc (formerly Welsh Water) |
| 260 ## - PUBLICATION, DISTRIBUTION, ETC. | |
| Date of publication, distribution, etc. | 2003 |
| 490 ## - SERIES STATEMENT | |
| Series statement | Rating and Valuation Reporter |
| Volume/sequential designation | [2003] RVR 37-38(2) |
| 520 ## - SUMMARY, ETC. | |
| Summary, etc. | LT 29 August 2001. Compensation under the Water Industry Act 1991 Sched 12 for loss and damage caused by the installation of a new water pipe withing an existing large diameter pipe was assessed at £320. £120 was awarded for time spent and other losses and £200 was paid for damage to land. View judgment at www.courtservice.gov.uk/tribunals/lands_frm.htm. |
| 650 ## - SUBJECT ADDED ENTRY--TOPICAL TERM | |
| Topical term or geographic name entry element | DAVIES AND ANOTHER V HYDER PLC |
| 650 ## - SUBJECT ADDED ENTRY--TOPICAL TERM | |
| Topical term or geographic name entry element | COMPENSATION |
| 650 ## - SUBJECT ADDED ENTRY--TOPICAL TERM | |
| Topical term or geographic name entry element | WATER INDUSTRY ACT 1991 SCHED 12 |
| 650 ## - SUBJECT ADDED ENTRY--TOPICAL TERM | |
| Topical term or geographic name entry element | WATER PIPES |
| 650 ## - SUBJECT ADDED ENTRY--TOPICAL TERM | |
| Topical term or geographic name entry element | DAMAGES |
| 690 ## - LOCAL SUBJECT ADDED ENTRY--TOPICAL TERM (OCLC, RLIN) | |
| Topical term or geographic name as entry element | ENVIRONMENTAL AND LAND CONSULTANCY-PLANNING AND DEVELOPMENT-COMPULSORY PURCHASE AND COMPENSATION |
| 856 ## - ELECTRONIC LOCATION AND ACCESS | |
| Uniform Resource Identifier | <a href="https://www.courtservice.gov.uk/tribunals/lands/decisions/dec-lca-041-01.htm">https://www.courtservice.gov.uk/tribunals/lands/decisions/dec-lca-041-01.htm</a> |
| Public note | View judgment at Lands Tribunal website. |
| 942 ## - ADDED ENTRY ELEMENTS (KOHA) | |
| Suppress in OPAC | 0 |
| Withdrawn status | Lost status | Source of classification or shelving scheme | Damaged status | Not for loan | Home library | Current library | Shelving location | Date acquired | Total Checkouts | Full call number | Barcode | Date last seen | Copy number | Price effective from | Koha item type |
|---|---|---|---|---|---|---|---|---|---|---|---|---|---|---|---|
| Dewey Decimal Classification | London | London | Journal article | 10/04/2003 | X121954 | 121954-1001 | 06/08/2019 | 1 | 06/08/2019 | Law report |